Separación personal y divorcio (Registro nro. 1750)
[ vista simple ]
| 000 -LEADER | |
|---|---|
| fixed length control field | 01763 a2200229 4500 |
| 001 - CONTROL NUMBER | |
| control field | 28909 |
| 005 - DATE AND TIME OF LATEST TRANSACTION | |
| control field | 20260407155557.0 |
| 008 - FIXED-LENGTH DATA ELEMENTS--GENERAL INFORMATION | |
| fixed length control field | 260407a1999 arg spa d |
| 003 - CONTROL NUMBER IDENTIFIER | |
| control field | AR-UNSa-BCEJYS |
| 040 ## - CATALOGING SOURCE | |
| Original cataloging agency | AR-UNSa-BCEJYS |
| Language of cataloging | spa |
| Transcribing agency | AR-UNSa-BCEJYS |
| 080 ## - UNIVERSAL DECIMAL CLASSIFICATION NUMBER | |
| Universal Decimal Classification number | 347.627.2 |
| Common auxiliary subdivision | Divorcio |
| 020 ## - INTERNATIONAL STANDARD BOOK NUMBER | |
| International Standard Book Number | 950-20-1227-5 |
| 041 ## - LANGUAGE CODE | |
| Language code of text/sound track or separate title | spa |
| 100 1# - MAIN ENTRY--PERSONAL NAME | |
| Personal name | Sambrizzi, Eduardo A. |
| 245 10 - TITLE STATEMENT | |
| Title | Separación personal y divorcio |
| 264 #1 - PRODUCTION, PUBLICATION, DISTRIBUTION, MANUFACTURE, AND COPYRIGHT NOTICE | |
| Place of production, publication, distribution, manufacture | Buenos Aires : |
| Name of producer, publisher, distributor, manufacturer | Abeledo Perrot |
| Date of production, publication, distribution, manufacture, or copyright notice | 1999 |
| 300 ## - PHYSICAL DESCRIPTION | |
| Extent | 2 v. |
| Dimensions | 23 cm. |
| 505 ## - FORMATTED CONTENTS NOTE | |
| Formatted contents note | Vol I: 1. Nociones generales - 2. Valoración del divorcio - 3. Separación personal y divorcio - 4. De la separación personal - 5. Causas de separación personal, que no tienen que ver con la culpa - 6. Efectos de la separación personal - 7. Efectos patrimoniales - 8. Efectos patrimoniales(continuación) - 9. Efectos patrimoniales(continuación) -- Vol II: 10. Efectos respecto de los hijos - 11. De la disolución del vínculo patrimonial - 12. Del divorcio - 13. Cuestiones procesales en los juicios de separación personal y de divorcio - 14. Cuestiones conexas a la acción de separación o de divorcio, que pueden ser resueltas al comienzo del juicio - 15. El procedimiento contencioso en los juicios de separación personal y de divorcio - 16. Sobre la presentación conjunta de los cónyuges peticionando el divorcio o la separación personal - 17. Conversión de la sentencia de separación personal en divorcio vincular - 18. Medidas cautelares para asegurar los derechos patrimoniales de los cónyuges - 19. Reconciliación de los conyuges |
| 590 ## - LOCAL NOTE (RLIN) | |
| Local note | niveau_biblio:m niveau_hierar:0 |
| 856 41 - ELECTRONIC LOCATION AND ACCESS | |
| Uniform Resource Identifier | <a href="https://biblioeco.unsa.edu.ar/pmb/images/libros/Separaci?n Personal y Divorcio-l119988.jpg">https://biblioeco.unsa.edu.ar/pmb/images/libros/Separaci?n Personal y Divorcio-l119988.jpg</a> |
| Link text | Imagen de portada |
| Electronic format type | image/jpeg |
| 942 ## - ADDED ENTRY ELEMENTS (KOHA) | |
| Koha item type | |
| Withdrawn status | Lost status | Damaged status | Not for loan | Home library | Current library | Shelving location | Date acquired | Total checkouts | Full call number | Barcode | Date last seen | Price effective from | Koha item type |
|---|---|---|---|---|---|---|---|---|---|---|---|---|---|
| Biblioteca Prof. Eusebio Cleto del Rey | Biblioteca Prof. Eusebio Cleto del Rey | 07/04/2026 | 347.627.2 S187 v.1 | L119988 | 07/04/2026 | 07/04/2026 | Libro | ||||||
| Biblioteca Prof. Eusebio Cleto del Rey | Biblioteca Prof. Eusebio Cleto del Rey | 07/04/2026 | 347.627.2 S187 v.2 | L119989 | 07/04/2026 | 07/04/2026 | Libro |